00379pab a2200133 454500008004000000100002100040245005700061260000900118300001400127362000800141650003800149650002300187773003500210180718b2006 xxu||||| |||| 00| 0 eng d aBarro, Robert J. aRare disasters and asset markets in the 20th century c2006 ap.823-66. aAug aEconomic recession - 20th century aEconomic recession aQuarterly Journal of Economics